|
|
|
|
| LEADER |
00000nam a2200000 a 4500 |
| 001 |
vtls011625257 |
| 003 |
SK-MaSNL |
| 005 |
20260426003629.0 |
| 008 |
240318s2016 xr f p 001 0 slo |
| 015 |
|
|
|a SNBZSA2017/05
|
| 020 |
|
|
|a 9788073806262
|q (brožované)
|
| 035 |
|
|
|a 1DE3853D-AFD1-4805-B1CA-2158BB3518C6
|
| 035 |
|
|
|a urn:nbn:sk:snk-am3ib9g
|
| 035 |
|
|
|a urn:nbn:sk:snk-am00e0q7
|
| 040 |
|
|
|a SNK
|b slo
|c SNK
|e AACR2
|
| 041 |
0 |
|
|a slo
|b eng
|
| 043 |
|
|
|a e-xo---
|
| 044 |
|
|
|a xr
|c CZ
|
| 072 |
|
7 |
|a 342
|x Ústavné právo. Správne právo
|2 konspekt
|
| 080 |
|
|
|a 342.9
|2 2011
|
| 080 |
|
|
|a 35
|2 2011
|
| 080 |
|
|
|a (075.8)
|2 2011
|
| 080 |
|
|
|a (437.6)
|2 2011
|
| 100 |
1 |
|
|a Hašanová, Janka,
|d 1982-
|4 aut
|9 217725
|
| 245 |
1 |
0 |
|a Základy správneho práva
|c Janka Hašanová, Ladislav Dudor
|
| 250 |
|
|
|a 3. rozš. vyd.
|
| 260 |
|
|
|a Plzeň
|b Vydavatelství a nakladatelství Aleš Čeněk
|c 2016
|
| 300 |
|
|
|a 495 s.
|c 23 cm
|
| 490 |
1 |
|
|a Slovenské učebnice
|
| 504 |
|
|
|a Bibliogr. ; bibliogr. odkazy ; register
|
| 546 |
|
|
|a Resumé v angl. jazyku
|
| 650 |
0 |
7 |
|a správne právo
|2 SNKPH
|9 2266
|
| 650 |
0 |
7 |
|a verejná správa
|2 SNKPH
|9 1538
|
| 650 |
0 |
7 |
|a Administrative law
|2 SNKPHeng
|9 275866
|
| 650 |
0 |
7 |
|a Public administration
|2 SNKPHeng
|9 266247
|
| 651 |
|
7 |
|a Slovensko
|2 SNKPH
|9 14231
|
| 651 |
|
7 |
|a Slovakia
|2 SNKPHeng
|9 92630
|
| 655 |
|
7 |
|a učebnice vysokých škôl
|2 SNKPH
|9 70191
|
| 655 |
|
7 |
|a Textbooks (higher)
|2 SNKPHeng
|9 276436
|
| 700 |
1 |
|
|a Dudor, Ladislav,
|d 1978-
|4 aut
|9 203755
|
| 830 |
|
0 |
|a Slovenské učebnice
|9 333775
|
| 852 |
|
|
|a Štátna vedecká knižnica v Banskej Bystrici
|
| 919 |
|
|
|a 978-80-7380-626-2
|
| 958 |
|
|
|a ZS
|
| 958 |
|
|
|a NB
|
| 999 |
|
|
|c 950458
|d 952388
|
| 952 |
|
|
|a SNK
|b SNK
|y PREZ
|7 0
|p 17A1257502
|o snkSC 174574
|i snk2017/10887
|8 4
|g 19.22
|0 0
|1 0
|4 0
|d 2017-04-26
|f 1
|l 0
|r 2025-09-16 00:00:00
|w 2026-02-24
|
| 952 |
|
|
|a SNK
|b SNKPULT
|y VYP
|7 0
|p 17A1269485
|o snkSC 174574 D1
|i snk2017/17274
|8 4
|g 19.65
|0 0
|1 0
|4 0
|d 2017-06-15
|l 1
|m 1
|q 2026-06-11
|r 2026-04-15 10:43:22
|s 2026-04-15
|w 2026-02-24
|